Commissaire, inspecteur fictif ou ni l'un ni l'autre? (click quiz) - Statistiques

Statistiques générales
  • Ce quiz a été pris 16 fois
  • Le résultat moyen est 20 sur 31
Statistiques - réponses
Hint Réponse % Correct
Gadget Inspecteur
93%
Moulin Commissaire
87%
Harry Inspecteur
87%
Barnaby Inspecteur
87%
Haddock Ni l'un ni l'autre
87%
Crochet Ni l'un ni l'autre
87%
Montalbano Commissaire
80%
Flam Ni l'un ni l'autre
80%
Lescaut (Julie) Commissaire
73%
Montale (Fabio) Commissaire
73%
Clouseau Inspecteur
73%
La Bavure Inspecteur
73%
Cousteau Ni l'un ni l'autre
73%
Cordier Commissaire
67%
Maigret Commissaire
67%
Valence Commissaire
67%
Navarro Commissaire
67%
McLane Inspecteur
67%
Columbo Inspecteur
67%
Callahan Inspecteur
60%
Derrick Inspecteur
60%
Caverne Ni l'un ni l'autre
53%
Magellan Commissaire
47%
Hunter (Rick) Inspecteur
47%
Lavardin Inspecteur
47%
Foley (Axel) Inspecteur
47%
Marleau Ni l'un ni l'autre
40%
Javert Inspecteur
33%
Coogan Ni l'un ni l'autre
33%
Coltrane (Rosco P.) Ni l'un ni l'autre
27%
Chaudard Ni l'un ni l'autre
27%
Aucun quiz correspondant
Distribution des résultats
% des personnes avec chaque résultat
Percentile par nombre de réponses
Votre historique - résultats
Vous n’avez pas pris ce quiz